|
|
|
|
| LEADER |
00000nam a2200000 a 4500 |
| 001 |
UCI5330 |
| 003 |
CL-VaPUC |
| 005 |
20240513184918.0 |
| 008 |
080320e18590000UK |||||||||||||||||spa|d |
| 999 |
|
|
|c 329083
|d 329081
|
| 040 |
|
|
|c Pontificia Universidad Católica de Valparaíso
|
| 082 |
0 |
4 |
|a 335.412
|b MAR
|2 21
|
| 100 |
|
|
|a Marx, Karl Heinrich
|e autor
|9 863668
|
| 245 |
1 |
0 |
|a Introducción general a la crítica de la economía política 1857
|
| 260 |
|
|
|a Londres
|b Carabella
|c 1859
|
| 300 |
|
|
|a 59 p
|
| 583 |
|
|
|a last modification
|c 20080320 00:00:00
|k Rodrigo Vera
|
| 650 |
|
7 |
|a Marxismo
|2 CL-VaPUC
|9 527642
|
| 650 |
|
7 |
|a Consumo
|2 CL-VaPUC
|9 351082
|
| 650 |
|
0 |
|a Economía
|9 255568
|x Teorías
|
| 650 |
|
0 |
|a Socialismo
|9 255260
|
| 650 |
|
0 |
|a Capitalismo
|9 255255
|
| 942 |
|
|
|c BK
|2 ddc
|
| 945 |
|
|
|d 20080320 00:00:00
|a jtorresc
|
| 952 |
|
|
|0 0
|1 0
|4 0
|6 335_412000000000000_MAR_1859
|7 0
|8 A
|9 413404
|a BIBHIS
|b BIBHIS
|d 2019-11-22
|i 4416910
|o 335.412 MAR 1859
|p 4416910
|r 2025-01-20
|w 2019-11-22
|y BK
|k HIS
|
| 952 |
|
|
|0 0
|1 0
|4 0
|6 335_412000000000000_MAR_1859
|7 0
|8 A
|9 413405
|a BIBHIS
|b BIBHIS
|d 2019-11-22
|i 4643658
|o 335.412 MAR 1859
|p 4643658
|r 2025-01-20
|w 2019-11-22
|y BK
|k HIS
|